A Companion to the Anthropology of Death

Bibliographische Detailangaben
1. Verfasser: Antonius C. G. M. Robben
Format: Unbekannt
LEADER 00209 a2200085 4500
020 |a 9781119222293 
100 |a Antonius C. G. M. Robben  |9 59380 
245 |a A Companion to the Anthropology of Death 
942 |c BK 
999 |c 47591  |d 47591